000 01014nam a2200253 i 4500
003 DO-SdBNP
005 20230927111101.0
006 a||||br|||| 00| 0
007 ta
008 230927e2000 dr aod|| |||| 00| 0 spa d
040 _aDO-SdBNP
_bspa
_cBNPHU
_erda
082 4 _222
_bR426g
110 1 _aRepública Dominicna. Secretaría de Estado de Educación y Cultura
_956170
245 1 0 _aGestión 1996-2000. /
_bPresentación de Miguel Ángel Ureña Martínez.
246 1 3 _agestión educativa:
_bEducación técnico profesional.
264 1 _aSanto Domingo :
_bSecretaría de Estado de Educación y Cultura. Dirección General de Educación Técnica y Profesional,
_c2000
300 _a109, [22], páginas :
_bIlustraciones, fotografías, gráficas ;
_c27 cm.
336 _2rdacontent
_atexto
_btxt
337 _2rdamedia
_asin mediación
_bnc
338 _2rdacarrier
_avolumen
_bnc
590 _aInventariado 2023 / MF
700 2 _aUreña Martínez, Miguel Ángel,
_epresentación
_953801
942 _2ddc
_cLBS1
999 _c54966
_d54966